Ekonomická revoluce je výzvou i příležitostí
Predchádzajúce priemyselné revolúcie boli charakteristické predovšetkým pokrokmi v technológiách, súčasná epocha je prepojením digitálnych, fyzických a biologických svetov do jedného nového funkčného celku. Digitalizácia a robotizácia ovplyvňuje nielen spôsob výroby, zásadný dopad má aj na spoločnos...
Salvato in:
| Autore principale: | |
|---|---|
| Natura: | Capitolo di libro |
| Lingua: | ceco |
| Soggetti: | |
| Tags: |
Nessun Tag, puoi essere il primo ad aggiungerne!!
|
MARC
| LEADER | 00000naa a2200000 4500 | ||
|---|---|---|---|
| 001 | 0224351 | ||
| 005 | 20231113135227.2 | ||
| 041 | 0 | |a cze | |
| 044 | |a CZ | ||
| 245 | 1 | 0 | |a Ekonomická revoluce je výzvou i příležitostí |c Alena Červenková |
| 520 | |a Predchádzajúce priemyselné revolúcie boli charakteristické predovšetkým pokrokmi v technológiách, súčasná epocha je prepojením digitálnych, fyzických a biologických svetov do jedného nového funkčného celku. Digitalizácia a robotizácia ovplyvňuje nielen spôsob výroby, zásadný dopad má aj na spoločnosti, ktoré sa zameriavajú na obchod, služby, vzdelávanie. | ||
| 610 | 2 | 0 | |a digitalizácia |
| 610 | 2 | 0 | |a robotizácia |
| 610 | 2 | 0 | |a technológie nové |
| 610 | 2 | 0 | |a revolúcia |
| 610 | 2 | 0 | |a revolúcia priemyselná |
| 610 | 2 | 0 | |a revolúcia technická |
| 100 | 1 | |a Červenková, Alena | |